• 首页
  • 本馆介绍
  • 公告通知
  • 最新文献
  • 馆藏检索
  • 电子资源
  • 读者导购
  • 参考咨询
  • 我的图书馆
  • 登录
  • 详细信息显示
  • 放入我的书架
  • 预约/预借图书
  • 作者相关作品
  • 分类相关作品
  • 丛书相关作品
  • 出版社相关作品

书目信息

  • 表格格式
  • 工作单格式
  • 卡片格式
题名:
积分方程及其应用
    
 
作者: C.г·米哈林 著 ;陈传璋 译
分册:  
出版信息: 上海   商务印书馆  1955.08
页数: 342页
开本: 20cm
丛书名:
单 册:
中图分类: O175.5
科图分类:
主题词: 数学分析
电子资源:
ISBN:
000 00639nam0 2200205 450
001 0632351219
005 20060818150703.95
010    @dCNY1.60
100    @a20060728d1955 km y0chiy0120 ea
101 0  @achi
102    @aCN@b310000
200 1  @a积分方程及其应用@Aji fen fang cheng ji qi ying yong@f(苏)C.г·米哈林著@F(su)C.г·mi ha lin zhu@g陈传璋等译@Gchen chuan zhang deng yi
210    @a上海@c商务印书馆@d1955.08
215    @a342页@d20cm
606 0  @a数学分析
690    @aO175.5@v3
701  0 @aC.г·米哈林@AC.г·mi ha lin@4著
702  0 @a陈传璋@Achen chuan zhang@4译
801  0 @aCN@bPFT@c20060818
905    @a10447@dO175.5@e107
    
    积分方程及其应用/(苏)C.г·米哈林著/陈传璋等译.-上海:商务印书馆,1955.08
    342页;20cm
    
    
    ISBN :CNY1.60
    
●
相关链接 在E读中查询图书 在五车中查询图书 在当当中查询图书 在豆瓣中查询图书


正题名:积分方程及其应用     索取号:O175.5/107         预约/预借

序号 登录号 条形码 馆藏地/架位号 状态 备注
1 0442530   204425309   密集书库/ [索取号:O175.5/107] 在馆    
2 0468688   204686884   密集书库/ [索取号:O175.5/107] 在馆    
唐山师范学院图书馆 欢迎您!
大连网信软件有限公司© 版权所有